000 006590000a22002170004500
003 LK-CoMWRAF
005 20231130093202.0
008 230817t1994 ||||| |||| 00| 0 eng d
020 _a9559261029
040 _aLK-CoMWRAF
_dLK-CoMWRAF
_eLK-CoMWRAF
041 _aeng
082 _a305.42
_bIMA
245 _aImages
260 _aColombo:
_bWomen's Education and Research Centre,
_c1994
300 _a139 p. ; 23 cm.
520 _aPortrayal of women in Sri Lankan media; papers presented at a seminar.
650 _aWomen in mass media -- Sri Lanka
650 _aMass media and women -- Sri Lanka
700 _aThiruchandran, Selvy
_eed.
942 _cBK
999 _c1818
_d1818